000 00879nam a2200253Ia 4500
003 OSt
005 20220923224752.0
006 a|||||r|||| 00| 0
007 ta
008 220922b |||||||| |||| 00| 0 hin d
024 _a249,910
037 _cTextual
040 _aARTS
_cARTS
_bhin
041 _2hin
_ahin
082 _aO152,1:gN, L7
100 _aवर्मा, हरिशचन्द्र
_9156365
245 0 _aनयी कविता के नाट्य - काव्य
246 _aNayī kavitā ke nāṭya - kāvya
260 _aदिल्ली
_b शोध - प्रबन्ध प्रकाशन
_c1977
300 _a393पृ.
_ccm.
650 _aहिन्दी साहित्य
_9156264
942 _hO152,1:gN, L7
_cTEXL
_2CC
999 _c373541
_d373541